000 00872nac a22002171u 4500
010 _a2004303858
020 _a0072231300
020 _a0070589720
082 0 0 _a005.8
_bK741
090 _c657
_d657
100 _aKnox, David
245 1 0 _aEffective Oracle Database 10g security by design /
_cDavid Knox.
260 _aEmeryville, CA :
_bMcGraw-Hill/Osborne : Oracle Press,
_cc2004.
300 _axxv, 512 p. :
_bill. ;
_c23 cm.
500 _aIncludes index.
650 0 _aComputer security.
856 4 2 _3Publisher description
_uhttp://www.loc.gov/catdir/enhancements/fy0620/2004303858-d.html
856 4 2 _3Table of contents
_uhttp://www.loc.gov/catdir/enhancements/fy0620/2004303858-t.html
942 _cBB
_k005.8K741
999 _c657
_d657